| 000 | 00564nam a2200229Ia 4500 | ||
|---|---|---|---|
| 008 | 210210b1927 xxu||||| |||| 00| 0 eng d | ||
| 041 | _aeng | ||
| 082 | _a320/662 | ||
| 100 | _a- | ||
| 245 | _aLeague of nations and the protection of minorities of race language and religion | ||
| 260 |
_aGeneva _bLeague of Nations _c1927 |
||
| 300 | _a78 | ||
| 650 | _areligion | ||
| 650 | _arace | ||
| 650 | _aprotection | ||
| 650 | _anations | ||
| 650 | _aminorities | ||
| 650 | _aLeague | ||
| 650 | _alanguage | ||
| 690 | _aPolitical Science | ||
| 906 | _a003293 | ||
| 999 |
_c120927 _d120927 |
||